1485 1655 1586 1281 1887 1049 1581 1884 1062 1775 1656 1765 1831 1761 1558 1859 1016 1040 1611 1320 1310 1262 1343 1566 1620 1428 1478 1436 1947 1068 1200 1547 1441 1819 1909 1550 1508 1110 1958 1257 1015 1853 1877 1803 1485 1327 1799 1902 1460 1291 1859 1588 1653 1217 1373 1188 1158 1883 1329 1858 1556 1500 1058 1594 1121 1888 1726 1346 1172 1990 1036 1936 1217 1229 1504 1362 1271 1414 1264 1849 1893 1366 1211 1998 1274 1930 1163 1505 1683 1928 1821 1246 1153 1422 1669 1804 1006 1180 1881 BCNSPRNW ULIB Ver.6.0+V

เปลี่ยนเป็นภาษาไทย

Change to English
 แสดงรายละเอียดบรรณานุกรม
  กลับหน้าหลัก

Brief Record : Get Marc (ISO 2709) : E-mail record : QR code < ปิดหน้าต่าง
LEADER : 00000nam 2200000uu 4500
001    13399113859
003     ULIB
008    120110s||||||||th 000 0 tha d
099    วจ.LB2525^bภ183ก
100 0  ภรต โทนแก้ว
245 00 การศึกษาการดำเนินการประกันคุณภาพการศึกษาตามทัศนะของคณาจารย์ วิทยาลัยการสาธารณสุขสิรินธร จังหวัดอุบลราชธานี/^cภรต โทนแก้ว ,ถนอมศักดิ์ บุญสู่ และ มงคล การินทร์
260    อุบลราชธานี :^bวิทยาลัยการสาธารณสุขสิรินธร จังหวัดอุบลราชธานี,^c2554
300    61 หน้า :^bตาราง
500    รายงานการวิจัย
650  7 การประกันคุณภาพ^xวิจัย
700 02 ถนอมศักดิ์ บุญสู่
700 02 มงคล การินทร์
710 1  วิทยาลัยการสาธารณสุขสิรินธร จังหวัดอุบลราชธานี
945    ^p0^l0^i030924
995    ทศพร
999 ^a ทศพร
รายการนี้ยังไม่มีแท็ก
คุณยังไม่ได้ล็อกอิน คุณสามารถมีกิจกรรมร่วมกับเว็บไซต์ได้ แต่ต้องล็อกอินก่อน ::
  ล็อกอิน

รายการสื่อสารสนเทศ

ลำดับที่ ประเภท เลขเรียก/บาร์โค้ด สถานที่ สถานะ
1. งานวิจัย
งานวิจัย
วจ.LB2525 ภ183ก ฉ.1 
  Barcode: 030924
ห้องสมุดวิทยาเขตสวรรค์ประชารักษ์
►วิจัย
บนชั้น

BibComment


ยังไม่เคยถูกคอมเมนท์

คอมเมนท์ทรัพยากรรายการนี้
  คอมเมนท์: การศึกษาการดำเนิน..


 Copyright 2026. Bcnsprnw @Library